00311nam a2200133Ia 4500008004100000041000800041082001200049100001800061245002200079260003500101300002400136365001100160440000600171240624s9999 xx 000 0 und d aeng a823 TOL aTOLKIEN J R R aLORD OF THE RINGS c1994aBostonbHoughton Mifflin a398 : p. : cm. ; 22 cRSb20 v3